Machine inteligence : Proceedings of the 2nd international conference : Konf. London, U.K., 26.- 28. Nov. 1985 /

Guardado en:
Detalles Bibliográficos
Otros Autores: Pugh, A (Compilador)
Formato: Libro
Lenguaje:inglés
Publicado: Kempston : IFS, 1985
Edición:1.vyd.
Materias:
Etiquetas: Agregar Etiqueta
Sin Etiquetas, Sea el primero en etiquetar este registro!

MARC

LEADER 00000nam a22000003a 4500
001 stu7699
005 20150617225806.3
008 950419s1985----uk------------------eng-d
020 |a 0-444-87867-X 
040 |a STU  |b slo 
041 0 |a eng 
044 |a uk 
080 |a 681.322.06 
080 |a 681.518 
080 |a 681.327.8 
080 |a 658.5.011.56 
080 |a 061.3(08) 
100 1 |a Pugh, A  |4 com 
245 1 |a Machine inteligence :  |b Proceedings of the 2nd international conference : Konf. London, U.K., 26.- 28. Nov. 1985 /  |c Edit.: Pugh,A 
250 |a 1.vyd. 
260 |a Kempston :  |b IFS,  |c 1985 
300 |a 412 s 
650 7 |a umelá inteligencia  |2 stusub 
650 7 |a expertné systémy  |2 stusub 
650 7 |a roboty  |2 stusub 
650 7 |a robotické videnie  |2 stusub 
650 7 |a rozpoznávanie obrazov  |2 stusub 
650 7 |a automatizácia výroby  |2 stusub 
996 |b E79632  |c E*79632  |l EE04  |s P  |a 0  |w stu7699_0001